Nazwij pasujące województwo Polski - Statystyki

Ogólne statystyki
  • Ten quiz został rozwiązany 139 razy
  • Średni wynik to 10 z 11
Statystyki odpowiedzi
Nazwij pasujące województwo Województwo % Poprawnych
Które ma dostęp do morza Pomorskie / Warmińsko-mazurskie / Zachodniopomorskie
99%
Które nie graniczy z żadnym państwem Kujawsko-pomorskie / Łódzkie / Mazowieckie / Świętokrzyskie / Wielkopolskie
98%
Które jest jednym z pięciu najczęściej zgadywanych województw w quizie "Województwa Polski (z Mapą)" Małopolskie / Mazowieckie / Pomorskie / Śląskie / Wielkopolskie
97%
W którym jest jedno z 10 największych miast w Polsce pod względem ludności Dolnośląskie / Kujawsko-pomorskie / Lubelskie / Łódzkie / Małopolskie / Mazowieckie / Podlaskie / Pomorskie / Wielkopolskie / Zachodniopomorskie
96%
Które graniczy z Białorusią Lubelskie / Podlaskie
95%
Które leży na terytorium Karpat Małopolskie / Podkarpackie / Śląskie
93%
Które w czasach dwudziestolecia międzywojennego było poza granicami Polski Dolnośląskie / Lubuskie / Opolskie / Warmińsko-mazurskie / Zachodniopomorskie
91%
Które ma dwie stolice Kujawsko-pomorskie / Lubuskie
86%
Które graniczy z Obwodem Królewieckim Pomorskie / Warmińsko-mazurskie
86%
Które zaczyna się na literę na którą nie zaczyna się żadne inne województwo Dolnośląskie / Kujawsko-pomorskie / Łódzkie / Opolskie / Zachodniopomorskie
85%
Które leży na Polesiu Lubelskie
70%
Nie znaleziono quizów pasujących do podanych kryteriów
Rozkład punktacji
Procent ludzi z każdym wynikiem
Percentyl według liczby udzielonych odpowiedzi
Twoja historia wyników
Nie rozwiązałeś tego quizu